02600nam a22002537a 45000010005000000030006000050050017000110080041000280200018000690400029000870500008001161000014001242450293001382600053004313000050004845050008005345201187005425200433017295210029021625210020021916500067022116500037022787000031023158111FISKH20250909115145.0250825b cb ||||| |||| 00| 0 eng d a9789996301643 aFISKHbkhrcFISKHdFISKH aPZ7 aDawn, Dim aចៅល្ងង់ : bStupid man / cនិពន្ធដោយលោក ឌឹម​ ដន , កែសម្រួលដោយ អ្នកស្រី គឹមស៊ុន សុធារី , លោក ធី ចាន់ថន និងកញ្ញា ហេង ចរិយា aភ្នំពេញ :bReading Books , c2012. a20 pages : bcolor illustrations ;c25 cm .  aQ  aរឿង "បុរសល្ងង់" មានគោលបំណងអប់រំយុវជន និងកុមារ ឲ្យមានទម្លាប់ខិតខំព្យាយាមក្នុងការសិក្សា មានការប្រឈមប្រជែង និងការខិតខំឧស្សាហ៍ប្រឹងប្រែង ព្រមទាំងការយល់ដឹងអំពីបញ្ហាផ្សេងៗ ចាប់ពីវ័យក្មេងរហូតដល់វ័យពេញវ័យ ដោយមិនខ្ជិល។ បន្ថែមពីនេះ ទាំងការប្រឈមប្រជែង និងការខិតខំប្រឹងប្រែង គឺមានតួនាទីសំខាន់សម្រាប់អនាគត មិនថាអ្នកប្រើប្រាស់កម្លាំងរាងកាយឬប្រាជ្ញាចរិត យ៉ាងណាក៏ដោយ អ្នកនឹងទទួលបានជោគជ័យជាក់លាក់មួយណាមួយនៅថ្ងៃក្រោយជានិច្ច។ aThe story " Stupid Man " aims at educating youth and childdren to have a habit of working hard for their study, having struggle and endeavor , and understanding other matters from their childhood until their adulthood without getting lazy. Moreover, struggle and endavor play crucial roles for the future, no matter how you use your physical strength or your intelligence you will obtain a particular good achievement someday . 8 a660 bLexile estimate 8 aQ bRaz-Plus  aចៅល្ងង់vរឿងនិទានកុមារ aStupid man vChildren's stories  aSaren, Koam eIllustrator